000 00587nam a2200241Ia 4500
003 OSt
005 20220912151545.0
006 a|||||r|||| 00| 0
007 ta
008 220909b |||||||| |||| 00| 0 eng d
024 _a38470
037 _cTextual
040 _aCSL
_beng
_cCSL
041 _aeng
082 _aC:(R), H7
100 _aBroglie Louis De
245 0 _aPhysique et microphysique
260 _aParis
_bAlbin
_c1947
300 _a370p.
_ccm.
650 _aPhysics
942 _hC:(R), H7
_cTEXL
_2CC
999 _c71290
_d71290